Education 2000 : a consultative document on hypotheses for education in ad 2000
Αποθηκεύτηκε σε:
| Μορφή: | Βιβλίο |
|---|---|
| Γλώσσα: | English |
| Δημοσίευση: |
Cambridge :
Cambridge University Press,
1983
|
| Θέματα: | |
| Ετικέτες: |
Προσθήκη ετικέτας
Δεν υπάρχουν, Καταχωρήστε ετικέτα πρώτοι!
|
MARC
| LEADER | 00000nam a2200000 i 4500 | ||
|---|---|---|---|
| 001 | 1/21306 | ||
| 008 | 960711s1983 eng d | ||
| 020 | |a 0-521-27821-X | ||
| 035 | |a 1986 |c Αγορά |l 10036266 | ||
| 040 | |a GR-MY-UA |b gre |e aacr | ||
| 041 | 0 | |a eng | |
| 082 | 0 | |a 370.941 | |
| 245 | 1 | 0 | |a Education 2000 : |b a consultative document on hypotheses for education in ad 2000 |
| 260 | |a Cambridge : |b Cambridge University Press, |c 1983 | ||
| 300 | |a 94 p. | ||
| 500 | |a Being an anthology of papers written at a residential conference at westfield coll. 1-8/7/83 | ||
| 650 | 0 | 0 | |a Education |z Great Britain |x Forecasting |x Congresses. |
| 650 | 0 | 0 | |a Education |z Great Britain |x Congresses. |
| 650 | 0 | 0 | |a Education |x Philosophy |x Congresses. |
| 852 | |a INST |b RHODES |e 19960711 |h 370.941 EDU |p 005400002728 |q 005400002728 |t BK |y 0 | ||
| 909 | |a Ρ |b 005694 |c 1986 | ||